| 000 | 00357nam a2200145Ia 4500 | ||
|---|---|---|---|
| 008 | 180802s9999||||xx |||||||||||||| ||und|| | ||
| 020 | _a9788131300107 | ||
| 082 |
_a342.085 _bSHA/H |
||
| 100 | _aSharma, Savita | ||
| 245 | 0 | _aHIV/AIDS and You | |
| 250 | _a1st Edition | ||
| 260 |
_aNew Delhi _bA.P.H. Publishing Corp. _c2006 |
||
| 300 | _a267p. | ||
| 942 | _cBK | ||
| 999 |
_c2310 _d2310 |
||